Sports Quiz

Random Sports Quiz

WWFFL Quiz 1 Stats

 Plays Quiz not verified by Sporcle

Support Sporcle.
Go Orange.
Score 0/21 Timer 02:00
0 Plays Today
Hint Answer % Correct
Finish the sentence: 'To be the man, you’ve gotta…''...beat the man.'
85.7%
Name the LATENOTPREGNANT’s mascot?The Mighty Panda
85.7%
Name the best looking coach.Coach Gianfagna of course
85.7%
Whose image is on the Jobber of the Week Trophy?Leaping Lanny Poffo
85.7%
Name one of Coach Park’s former team names.The Philadelphia Pump Fakes, The Vroom Vroom Party Starters, The Einhorn Finkles, Burrested Development, & The Erotic Falcons
71.4%
Coach Stephens has coached two WWFFL franchises owned by former television stars. Name one of the stars’ television shows:Full House & Hannah Montana
71.4%
Name the Swedish Pop Sensation from which the Toledo Laz are named.Günther
71.4%
Like the L.A. Hucksters, name one other Big 4 sports franchise to relocate from NYC to California.The Brooklyn Dodgers and The New York (Baseball) Giants
71.4%
WWFFL team with the most single regular season points scored.Toledo Laz with 1301pts in WWFFL III
71.4%
Who is the only coach to have left the WWFFL?Brian Marino
57.1%
The WWFFL’s 'Trophy of Excellence' is named after whom?Telly Savalas
57.1%
Hint Answer % Correct
To the Ganja Troop’s dismay, please name the only team that resides in a state where marijuana use is legal.The Face Ripping Monkeys (Washington)
57.1%
Now defunct, what was the name of the challenge that saw two ex-roommates face each other?The Top Bunk Challenge
57.1%
Name one of Art Vandalay’s (of Vandalay Industries) professions.Importer/exporter, latex manufacturing and sales, author, and *judge
57.1%
Name one runner-up Coach from any past 'To Be The Man Bowl.'Ben (2), Jon, Jeff, Jeremy
42.9%
Coach with the all time highest win percentage thru WWFFL V. (Regular Season)Both Chester Harding & Ben Patton (30-22) .577
42.9%
What are the three WWFFL divisions?Faces, Tweens, & Heels
42.9%
The Ricky of Ricky’s Ganja Troop won a Heisman as the RB of what university?The University of Texas
42.9%
Name both the WWFFL and NFL teams that have the most championships in their respective league.The Haliburton BIG EARL and The Pittsburgh Steelers
42.9%
WWFFL team with the most single regular season points against.Ricky’s Ganja Troop with 1193pts in WWFFL III
42.9%
Coach with the all time lowest win percentage thru WWFFL V. (Regular Season)Brian Marino (19-33) .365
28.6%

You're not logged in!

Compare scores with friends on all Sporcle quizzes.
OR
Log In

From the Vault

FAT Tuesday

by MSUKent

This quiz is just like Mardi Gras...for your brain.
Remove Ads.
Support Sporcle.
Get the best of Sporcle when you Go Orange. This ad-free experience offers more features, more stats, and more fun while also helping to support Sporcle. Thank you for becoming a member.

Show Comments

Extras

Created Oct 17, 2013ReportNominate
Tags:test

Top Quizzes Today


Score Distribution

Your Account Isn't Verified!

In order to create a playlist on Sporcle, you need to verify the email address you used during registration. Go to your Sporcle Settings to finish the process.

Report this User

Report this user for behavior that violates our Community Guidelines.

Details: